000 00910cam a2200289 a 4500
001 16992555
005 20180312043838.0
008 111007s2013 mauab b 001 0 eng
010 _a 2011041966
020 _a9780205092666 (combined vol.)
020 _a0205092667 (combined vol.)
020 _a9780205092673 (v. 1)
020 _a9780205092680 (v. 2)
040 _aDLC
_cDLC
_dDLC
041 _aeng
042 _apcc
043 _an-us---
080 _a973 kee
082 0 0 _a973 kee
_223
100 1 _a16
101 _ahis
245 1 0 _aVisions of America :
504 _aIncludes bibliographical references and index.
906 _a7
_bcbc
_corignew
_d1
_eecip
_f20
_gy-gencatlg
942 _2ddc
_cBK
999 _c44664
_d44664